Quizzes
Events
Quiz Creation
Community
Videos
Private Events
Remove Ads
Sign In
Join for FREE
Feedback
Dark Mode
Quiz Categories
Sports
Geography
Music
Movies
Television
Just For Fun
Miscellaneous
History
Literature
Language
Science
Gaming
Entertainment
Religion
Holiday
For Kids
Quiz Lab
Recent
Popular Today
Quiz Kudos Today
Editor Picks
Curator Picks
Quizzes by...
Day
Popularity
Type
Ratings
Length
Year
Community
Subscriptions
Recent Discussions
Orange Saloon
Badges
Playlists
Quests
Create
Leaderboards
Showdown
Live 5
Trivia Bingo
Activity
Puzzle Library
Sporcle Events
Private Events
Virtual Trivia
Globe League
Become a Host
Pub Owners
SporcleCon
Opinionation
Our Games
Videos
Blog
Mobile Apps
Partnerships
Remove Ads and Go Orange
Feedback
Geography
Country
Landmarks
City
State
Population
World
Capital
Continent
Flags
Europe
Africa
Asia
South America
North America
Oceania
Border
Canada
United Kingdom
Topography
United States
Geography
Country
Landmarks
City
State
Population
World
Capital
Continent
Flags
Europe
Africa
Asia
South America
North America
Oceania
Border
Canada
United Kingdom
Topography
United States
Random Quiz
Search Sporcle
×
Quiz Lab
Quiz Lab
Geography
Country
Type in answers that appear in a list
Type in answers that appear in a list
Classic
Best Score? Go Orange.
Bison Countries Stats
Can you name the countries with current free populations of bison?
By
Delmarva
3m
14 Questions
291 Plays
291 Plays
291 Plays
Comments
Comments
Give Quiz Kudos
Give Quiz Kudos
-
- Ratings
hide this ad
Replay
Link that replays current quiz
Next Quiz
Link to next quiz in quiz playlist
You Got
0%
They Got
Avg Score
80%
Avg Friend Score
Upgrade to see
Score Distribution
Jump to the score distribution portion of the page
Score
0/14
Timer
03:00
0
Plays Today
Species
Country
% Correct
American Plains
Canada
100%
American Wood
Canada
100%
American Plains
United States of America
99.7%
American Wood
United States of America
99.6%
European
Russian Federation
95.9%
American Plains
Mexico
94.5%
European
Poland
91.8%
Species
Country
% Correct
European
Ukraine
90%
European
Belarus
81.1%
European
Latvia
79%
European
Romania
78.7%
European
Lithuania
78%
European
Slovakia
74.2%
European
Kyrgyzstan
7.9%
Quiz Playlist
Details
Report
Send in Message
Add To Playlist
Classic:
Type in answers that appear in a list
Quiz Source
Last Updated: Feb 16, 2017
Quiz Scoreboard
CHALLENGE
Sign Up to Join the Scoreboard
Show All
Scores
Hide
Comments
May contain spoilers
Recently Published
TV Characters by Other Roles V
by ghcgh
Television
5m
Decade Duel: World Leaders
by jenniferyan
History
4m
Alphabetical 'K' Countries by Flag Minefield
by ylime102
Geography
3m
More to Explore
Quiz From the Vault
Featured Blog Post
15 Basketball Trivia Facts You Can Be March Mad About
hide this ad
You Might Also Like...
Tags
Country Quiz
America Countries
Conservation
Ecology
Eurasian Countries
Extinction
fauna
nature
Wild
Today's Top Quizzes in Geography
Browse Geography
hide this ad
Today's Top Quizzes in Country
Browse Country
Top Contributed Quizzes in Geography
1
Countries of the World - No Outlines Minefield
2
Least Populated Answer: 'G' Countries
3
Pick 6: Mountains
4
'A' Capitals Crossword
5
Countries of the World: 1800
6
Alphabetical 'L' Countries By Flag Minefield
7
Lietuvos savivaldybės (Lithuanian Municipalities)
8
Pick 6: National Parks
9
Pick 6: US States
10
Alphabetical 'M' Countries By Flag Minefield
Explore More
Trending Topics
Harry Potter
Anime
Marvel
NBA
Disney
Kpop
Crossword
WWE
Pokémon
Soccer
The Office
Song
Puzzle
NFL
Country
hide this ad
More By:
Delmarva
Quiz
Plays
Rating
Category
Featured
Created
Ethnic Groups of Yugoslavia
1,997
5.00
History
Jul 15, 2012
Turkic Countries
1,971
4.78
Language
Jul 12, 2012
Ethnic Groups of Iran
890
4.50
Geography
Jul 15, 2012
Bison Countries
291
5.00
Geography
Jul 11, 2012
Countries with most organ donors
139
Geography
Jul 12, 2012
Go to Creator's Profile
Score Distribution
Quiz Creator Spotlight
Delmarva
Follow
Send a Message
Quizzes Created
-
Created Quiz Play Count
-
More By This Creator
Popular Quizzes Today
1
Countries of Asia Without Outlines Minefield
2
Find the US States - No Outlines Minefield
3
Pick 6: Fruits
4
The Countries of the World
5
Find the Countries of Europe - No Outlines Minefield
6
Alphabetical 'K' Countries by Flag Minefield
7
US States
8
Find the US States
More Geography Quizzes
Chilean Borders Minefield
Published
Trending Quizzes
Pick 6: Mountains
Pick 6: Harry Potter
Pick 6: NFL Teams
Pick 6: Flags
C Names for Actors
Recently Updated
Adaptations: Name the Title
pecheneg
NWSL Teams
pecheneg
Women's Final Four Teams by Year
bhenderson79
Presidents Quartet II
eogle
Anything But Clue(do)
eogle
Anything But Oceanian Capitals
eogle
Anything But 7
eogle
Anything But Thing
eogle
Word Ladder: February 29
pecheneg
Song Title Questions
pecheneg
Trending Topics
Crossword
Kpop
Anime
Disney
NBA
Marvel
Harry Potter
Puzzle
Country
Pokémon
The Office
WWE
NFL
Song
Soccer
Your Account Isn't Verified!
In order to create a playlist on Sporcle, you need to verify the email address you used during registration. Go to your
Sporcle Settings
to finish the process.
Report this User
Report this user for behavior that violates our
Community Guidelines
.
Details:
Send Report
Go to the Sporcle.com Mobile Site →
Comments